01936cam a22004457a 4500003000500000005001700005008004100022010001000063011001000073035001000083040000900093090001000102100003900112245010300151260004000254300004100294502007100335590003700406590004100443590004100484590004100525590004100566590004100607590004200648650003800690650004300728650005400771700004300825700004300868901000700911942000900918949003600927949004100963949004801004949004101052999001701093952012601110952012601236952012801362CHAP20220329141308.0971010s1982 r 00010 d a65952 a66924 a75909 cCHAP aTesis00aRosales Salazar, Paulino H.99993813aEl método de desarrollo silvícola una alternativa en la silvicultura y ordenación de bosques aChapingo, Méx. :bEl autor,c1982 a406 h.b: ilus. ; láms. ; gráfs. aTesis (Ing. Agr. Esp. en Bosques) -- UACH. Departamento de Bosques aALEPHb10c20130110lUCH01h1400 aBATCH-UPDb10c20130110lUCH01h0735 aBATCH-UPDb10c20130110lUCH01h2348 aBATCH-UPDb10c20130410lUCH01h0418 aBATCH-UPDb10c20130914lUCH01h0702 aBATCH-UPDb10c20130914lUCH01h2145 aCONVERSIONb10c20130109lUCH01h133614aBosquesxAdministración.91400314aProductos forestaleszMéxico.99211214aSilviculturaxPublicaciones periódicas.91061240 aMorales Flores, José Alfredo.9782660 aOlayo González, Miguel Angel.982970 aBK cFOLL bBCcTESd-154193eTS1i75909si bBCcTESd-154194eTS2fc.2i75909so bBCcTESd-154195eTS2fc.3h21978i75909si bZAcTESBDd-8911eTS1h172i75909si c65952d65952 00102local4053708TESISaBCbBCcPA_TESISd2012-12-17fTESISl0p-154194r2019-12-31 00:00:00tc.2w2019-12-31yTESIS 00102local4053708TESISaBCbBCcPA_TESISd2012-12-17fTESISl0p-154195r2019-12-31 00:00:00tc.3w2019-12-31yTESIS 00102local4051708TESISaBCbBCcPA_TESISd2019-12-31fTESISl0oTesisp-154193r2019-12-31 00:00:00w2019-12-31yTESIS